Statistiken für In welchem Bundesland liegt diese Stadt?

Klicken Sie hier um das Quiz zu spielen!

Allgemein

  • Dieses Quiz wurde 128 mal gespielt
  • Das Durchschnittsergebnis liegt bei 20 aus 27

Antwortstatistiken

FrageKachelSelect% Korrekt
Wähle alle Städte in Bayern aus!MalenteNein
95%
Wähle alle Städte in Baden-Württemberg aus!ZülpichNein
91%
Wähle alle Städte in Bayern aus!StraubingJa
90%
Wähle alle Städte in Baden-Württemberg aus!EberswaldeNein
89%
Wähle alle Städte in Baden-Württemberg aus!EisenachNein
89%
Wähle alle Städte in Bayern aus!SoltauNein
88%
Wähle alle Städte in Baden-Württemberg aus!BeverungenNein
86%
Wähle alle Städte in NRW aus!CloppenburgNein
86%
Wähle alle Städte in Bayern aus!PlauenNein
83%
Wähle alle Städte in NRW aus!PinnebergNein
82%
Wähle alle Städte in Baden-Württemberg aus!BiberachJa
80%
Wähle alle Städte in NRW aus!DeggendorfNein
77%
Wähle alle Städte in Baden-Württemberg aus!Titisee-NeustadtJa
77%
Wähle alle Städte in Bayern aus!SonthofenJa
74%
Wähle alle Städte in NRW aus!VechtaNein
72%
Wähle alle Städte in Baden-Württemberg aus!HockenheimJa
71%
Wähle alle Städte in Bayern aus!GaildorfNein
70%
Wähle alle Städte in Baden-Württemberg aus!Neu-UlmNein
70%
Wähle alle Städte in Baden-Württemberg aus!FreudenstadtJa
69%
Wähle alle Städte in NRW aus!RödinghausenJa
67%
Wähle alle Städte in Bayern aus!ArgenbühlNein
65%
Wähle alle Städte in NRW aus!SimmerathJa
55%
Wähle alle Städte in Bayern aus!SatteldorfNein
54%
Wähle alle Städte in NRW aus!RoetgenJa
50%
Wähle alle Städte in Bayern aus!LichtenfelsJa
47%
Wähle alle Städte in NRW aus!VoerdeJa
45%
Wähle alle Städte in NRW aus!Bad DriburgJa
32%

Verteilung der Resultate

Perzentil nach korrekt beantworteten Fragen

Anzahl Personen mit jedem Resultat

Ihre Resultats-Entwicklung

Sie haben dieses Quiz noch nicht gespielt